Cayetano Silva : (Registro nro. 54781)
[ vista simple ]
| 000 -LEADER | |
|---|---|
| campo de control de longitud fija | 02164nam a2200301 a 4500 |
| 001 - NÚMERO DE CONTROL | |
| campo de control | 54781 |
| 003 - IDENTIFICADOR DE NÚMERO DE CONTROL | |
| campo de control | AR-BaAGN |
| 005 - FECHA Y HORA DE LA ÚLTIMA TRANSACCIÓN | |
| campo de control | 20250829121051.0 |
| 007 - CAMPO FIJO DE DESCRIPCIÓN FÍSICA--INFORMACIÓN GENERAL | |
| campo de control de longitud fija | ta |
| 008 - DATOS DE LONGITUD FIJA--INFORMACIÓN GENERAL | |
| campo de control de longitud fija | s ag |||||r|||| ||| ||spa d |
| 020 ## - NÚMERO INTERNACIONAL ESTÁNDAR DEL LIBRO | |
| Número Internacional Estándar del Libro | Cayetano Silva : |b la historia de vida del músico |
| 040 ## - FUENTE DE CATALOGACIÓN | |
| Centro catalogador/agencia de origen | AR-BaAGN |
| Lengua de catalogación | español |
| Normas de descripción | aacr |
| 942 ## - ELEMENTOS DE ENTRADA SECUNDARIOS (KOHA) | |
| Tipo de ítem Koha | Libro |
| Prefijo de la signatura | AGN |
| Suprimir en OPAC | No |
| 100 1# - ENTRADA PRINCIPAL--NOMBRE DE PERSONA | |
| Nombre de persona | García, Alejandra |
| ID autoridades | 9340 |
| 245 10 - MENCIÓN DEL TÍTULO | |
| Título | Cayetano Silva : |
| Resto del título | la historia de vida del músico afrodescendiente que compuso la marcha de San Lorenzo / |
| Mención de responsabilidad, etc. | Alejandra García. |
| 250 ## - MENCION DE EDICION | |
| Mención de edición | 1a ed. |
| 260 ## - PUBLICACIÓN, DISTRIBUCIÓN, ETC. | |
| Lugar de publicación, distribución, etc. | Venado Tuerto : |
| Nombre del editor, distribuidor, etc. | Ají Ediciones, |
| Fecha de publicación, distribución, etc. | 2023. |
| 300 ## - DESCRIPCIÓN FÍSICA | |
| Extensión | 141 p. : |
| Otras características físicas | ilus. byn., fotos byn., facsímil; |
| Dimensiones | 21 cm. |
| 336 ## - TIPO DE CONTENIDO | |
| Código de tipo de contenido | texto |
| Fuente | rdacontent |
| 337 ## - TIPO DE MEDIO | |
| Código del tipo de medio | no mediado |
| Fuente | rdamedia |
| 338 ## - TIPO DE SOPORTE | |
| Código del tipo de soporte | volumen |
| Fuente | rdacarrier |
| 520 3# - RESUMEN, ETC. | |
| Sumario, etc. | «¿Por qué leer acerca del autor de la marcha San Lorenzo, Cayetano Alberto Silva? En principio porque el material bibliográfico existente sobre este es escaso y poco accesible. De ahí que Alejandra García se propuso investigar con minuciosidad la extraordinaria vida del autor de esta y muchas otras composiciones que son su legado, a través de su contextualización en los más recientes aportes académicos y con respaldo documental sobre su vida; desde su nacimiento a mediados del siglo XIX en la Banda Oriental del Uruguay hasta su muerte en la Argentina de 1920. Resolviendo puntos ciegos de su existencia, Alejandra aporta con este libro a debates tales como si era hijo de una esclava y su pertenencia a alguna grupalidad afrodescendiente, el racismo del que fue víctima a lo largo de su vida y en la hora de su muerte, su verdadero rostro a través de los retratos, las características que tuvo su formación musical e idiomática, sus vínculos con el ejército y su relación con los consumos problemáticos y las mujeres. Esta biografía permitirá ver, al decir de su autora, al Cayetano humano, real, detrás del artista y de las investiduras que en él hicieron cuerpo». (Descripción del editor). |
| 600 14 - PUNTO DE ACCESO ADICIONAL DE MATERIA--NOMBRE DE PERSONA | |
| Nombre de persona | Silva, Cayetano |
| ID autoridades | 9341 |
| 650 #4 - PUNTO DE ACCESO ADICIONAL DE MATERIA--TÉRMINO DE MATERIA | |
| Término de materia o nombre geográfico como elemento de entrada | MÚSICOS ARGENTINOS |
| ID autoridades | 60 |
| 650 #4 - PUNTO DE ACCESO ADICIONAL DE MATERIA--TÉRMINO DE MATERIA | |
| Término de materia o nombre geográfico como elemento de entrada | AFRODESCENDIENTES |
| ID autoridades | 6438 |
| 650 #4 - PUNTO DE ACCESO ADICIONAL DE MATERIA--TÉRMINO DE MATERIA | |
| Término de materia o nombre geográfico como elemento de entrada | URUGUAYOS |
| ID autoridades | 1181 |
| 655 ## - TERMINO DE INDIZACIÓN--GENERO/FORMA | |
| Término de género/forma | Biografías |
| Estado de retiro | Estado de pérdida | Fuente del sistema de clasificación o colocación | Estado de conservación | Biblioteca actual | Ubicación en estantería | Signatura topográfica completa | Código de barras | Tipo de ítem Koha |
|---|---|---|---|---|---|---|---|---|
| Clasificación Decimal Dewey | Biblioteca del Archivo General de la Nación | AGN - Biblioteca | AGN 22453 | 1397 | Libro |
